Polt̕ica econm̤ica Teora̕ y prc̀tica desde los mercados /

Detalles Bibliográficos
Autor principal: Ferrari, Cšar A.
Formato: eBook
Lenguaje:español
Publicado: Bogot:̀ Pontificia Universidad Javeriana, 2019
Materias:
Acceso en línea:Acceso restringido

MARC

LEADER 00000nam a22000007a 4500
005 2020122303373.0
007 cr|||| ||||
008 201223s2019 co |||||s|||| 00||0 spa d
020 |a 978-958-781-385-2 
035 |a 32397 
040 |a vLex 
090 |c 11008  |d 11008 
100 1 |a Ferrari, Cšar A. 
245 1 0 |a Polt̕ica econm̤ica  |h [Recurso electrn̤ico] :  |b Teora̕ y prc̀tica desde los mercados /  |c Cšar A. Ferrari 
256 |a Servicio en ln̕ea 
260 |a Bogot:̀  |b Pontificia Universidad Javeriana,  |c 2019 
300 |a 1 recurso electrn̤ico 
500 |a La polt̕ica econm̤ica es un ejercicio polt̕ico con implicaciones ťicas que debe basarse en gran medida, pero no exclusivamente, en el anl̀isis econm̤ico y debe juzgarse a partir de sus resultados. Si es correcta, conduce al crecimiento de la economa̕, a la estabilidad de precios, a la equidad en la distribucin̤ del ingreso y a la sostenibilidad ambiental: al bienestar de la poblacin̤. Este libro presenta los objetivos de la polt̕ica econm̤ica, discute los mercados de bienes y servicios, la competitividad y la productividad. Considera los mercados de divisas, de capitales, de crďitos y de servicios laborales e integra estos elementos hacia el equilibrio general de la economa̕. 
506 1 |a Disponible solo en los productos indicados  |d vLex Global  |d vLex Global (Academic Edition, excluding Law Schools)  |d vLex Global (U.S. Academic Edition, Law Schools)  |d vLex Global (U.S. Academic Edition, excluding Law Schools)  |d vLex Global (Academic Edition, Law Schools) 
650 0 4 |a Economa̕ y negocios  |z Colombia 
650 0 4 |a Ciencias sociales  |z Colombia 
650 0 4 |a Ciencia polt̕ica  |z Colombia 
650 0 4 |a Humanidades  |z Colombia 
740 0 |a vLex Libros (Servicio en ln̕ea) 
856 4 0 |u http://vlex.com/source/politica-economica-teoria-y-practica-desde-los-mercados-32397  |z Acceso restringido 
942 |c BOOK 
999 0 |a Economy and business 
999 0 |a Social Sciences 
999 0 |a Political science 
999 0 |a Humanities